| 000 | 00579nam a2200193Ia 4500 | ||
|---|---|---|---|
| 008 | 140321s9999 xx 000 0 und d | ||
| 020 | _a9781111840822 | ||
| 050 |
_aHF 5548.8 _b.Aa47 2013 |
||
| 100 | _aAamodt, Michael G. | ||
| 245 |
_aApplying psychology to work / _cMichael G. Aadmodt. |
||
| 250 | _a7th ed. | ||
| 260 |
_aCalifornia : _bWadsworth Cengage Learning, _cc2013. |
||
| 300 |
_a678 p. : _bill. ; _c26 cm. |
||
| 500 | _aIncludes bibliographic references and index. | ||
| 521 | _aPSYCH | ||
| 650 | _aPsychology, Industrial. | ||
| 942 |
_kFOR _cBK |
||
| 999 |
_c48553 _d48553 |
||